| 000 | 00793nam a2200205 u 4500 | ||
|---|---|---|---|
| 001 | 000331887 | ||
| 003 | AM-YeHGA | ||
| 005 | 20250618072059.0 | ||
| 008 | 040505s1918 gau r 000 0 arm d | ||
| 040 | _aAM-YeHGA | ||
| 041 | 0 | _aarm | |
| 100 | 1 |
_aԽան-Ազատ, Ռ. _95811 |
|
| 245 | 1 | 0 |
_aՀայաստանի պատմութիւն : _b(Գլխաւոր կէտերը) : 27 պատկերով : IV-րդ բաժանմ. դասընթացի եւ ժողովրդ. ընթերցան. համար / _cՌ. Խան-Ազատ, Գ. Վարդանեան. |
| 250 | _a4-րդ բարեփոխ. հրատ. | ||
| 260 |
_aԹիֆլիս : _bտպ. Թառումեան, _c1918. |
||
| 300 |
_a150 էջ : _bնկ. |
||
| 650 | 1 | 4 |
_aՊատմություն _zՀայաստան |
| 700 | 1 | _aՎարդանեան, Գ.Վ. | |
| 090 | _c125821 | ||
| 999 |
_c124466 _d124466 |
||